00502nam a2200217Ia 4500008004000000041000800040082001300048100002100061245005100082250000500133260003900138300001100177650000700188650001200195650001500207650001400222650000700236650001400243650000700257700002000264210210b1928 xxu||||| |||| 00| 0 eng d aeng a543 BILL aBILTZ (Heinrich) aLaboratory methods of inorganic chemistry Ed 2 a aNewyorkbJohn Wiley and Sonsc1928 axv,261 aof amethods aLaboratory ainorganic aEd achemistry a2. aBILTZ (Wilhelm)